Canada Biggest Cities - Statistics

General Stats
  • This quiz has been taken 28 times
  • The average score is 9 of 10
Answer Stats
Province City % Correct
Quebec Montreal
100%
Ontario Toronto
100%
British Columbia Vancouver
100%
Quebec Quebec City
96%
Manitoba Winnipeg
96%
Alberta Calgary
93%
Ontario Ottawa
93%
Alberta Edmonton
89%
Ontario Hamilton
64%
Ontario Kitchener
25%
No matching quizzes found
Score Distribution
Percent of People with Each Score
Percentile by Number Answered
Your Score History
You have not taken this quiz